[Event "11th LCC FIDE Open 2019"]
[Site "London"]
[Date "2019.12.02"]
[Round "5.36"]
[White "Flear, Christine"]
[Black "Rocco, Federico"]
[Result "1/2-1/2"]
[WhiteElo "2035"]
[BlackElo "2207"]
[Annotator "RC"]
[PlyCount "81"]
[EventDate "2019.11.29"]
[EventType "swiss"]
[EventCountry "ENG"]
[SourceTitle "playchess.com"]
[Source "ChessBase"]
[SourceQuality "1"]
[TimeControl "40/5400+30:1800+30"]

1. d4 {[%emt 0:00:00]} Nf6 {[%emt 0:12:33]} 2. c4 {[%emt 0:00:00]} e6 {[%emt 0:00:06]} 3. g3 {[%emt 0:00:42]} c5 {[%emt 0:00:06]} 4. d5 {[%emt 0:00:53]} exd5 {[%emt 0:00:13]} 5. cxd5 {[%emt 0:00:02]} b5 {[%emt 0:00:10]} 6. Bg2 {[%emt 0:00:27]} d6 {[%emt 0:00:43]} 7. a4 {[%emt 0:17:35]} b4 {[%emt 0:01:40]} 8. b3 {[%emt 0:02:02]} g6 {[%emt 0:14:08]} 9. Bb2 {[%emt 0:00:06]} Bg7 {[%emt 0:00:07]} 10. e4 {[%emt 0:23:03]} O-O {[%emt 0:01:25]} 11. Ne2 {[%emt 0:01:19]} Re8 {[%emt 0:02:14]} 12. f3 {[%emt 0:08:25]} Ng4 {[%emt 0:14:38]} 13. Bxg7 {[%emt 0:01:17]} Ne3 {[%emt 0:00:08]} 14. Qc1 {[%emt 0:02:08]} Nxg2+ {[%emt 0:00:53]} 15. Kf2 {[%emt 0:00:02]} Kxg7 {[%emt 0:00:56]} 16. Kxg2 {[%emt 0:00:43]} Nd7 {[%emt 0:02:10]} 17. h4 {[%emt 0:03:09]} Qf6 {[%emt 0:04:01]} 18. Ra2 {[%emt 0:02:21]} Ne5 {[%emt 0:03:20]} 19. Nf4 {[%emt 0:02:34]} h5 {[%emt 0:05:19]} 20. a5 {[%emt 0:04:32]} Ba6 {[%emt 0:03:42]} 21. Nd2 {[%emt 0:00:27]} Rab8 {[%emt 0:00:38]} 22. Qb1 {[%emt 0:07:27]} c4 {[%emt 0:08:10]} 23. bxc4 {[%emt 0:01:52]} Nxc4 {[%emt 0:08:45]} 24. Nxc4 {[%emt 0:03:54]} Bxc4 {[%emt 0:00:07]} 25. Rc2 {[%emt 0:03:07]} Rec8 {[%emt 0:05:50]} 26. Rhc1 {[%emt 0:00:54]} Qd4 {[%emt 0:01:48]} 27. Ne2 {[%emt 0:01:25]} Bxe2 {[%emt 0:06:17]} 28. Rxc8 {[%emt 0:00:39]} Rxc8 {[%emt 0:00:38]} 29. Rxc8 {[%emt 0:00:09]} Bb5 {[%emt 0:01:50]} 30. Qc1 {[%emt 0:02:42]} a6 {[%emt 0:01:19]} 31. Rc7 {[%emt 0:01:06]} Bd3 {[%emt 0:00:47]} 32. Qf4 {[%emt 0:05:59]} Qf6 {[%emt 0:00:13]} 33. Qd2 {[%emt 0:00:27]} Qd4 {[%emt 0:00:19]} 34. Qf4 {[%emt 0:00:19]} Qb2+ {[%emt 0:00:40]} 35. Kh1 {[%emt 0:00:24]} Qf6 {[%emt 0:00:05]} 36. Qe3 {[%emt 0:00:40]} Qa1+ {[%emt 0:00:52]} 37. Kh2 {[%emt 0:00:10]} Qb2+ {[%emt 0:00:16]} 38. Kg1 {[%emt 0:00:21]} Qa1+ {[%emt 0:00:28]} 39. Kh2 {[%emt 0:00:45]} Qb2+ {[%emt 0:00:40]} 40. Kg1 {[%emt 0:00:56]} Qa1+ {[%emt 0:00:40]} 41. Kh2 {[%emt 0:31:33]} 1/2-1/2

[Event "11th LCC FIDE Open 2019"]
[Site "London"]
[Date "2019.12.02"]
[Round "5.37"]
[White "Deaconu, Mihai Ionut"]
[Black "Manfay, Mate"]
[Result "0-1"]
[WhiteElo "1957"]
[BlackElo "2197"]
[Annotator "ChessBase"]
[PlyCount "76"]
[EventDate "2019.11.29"]
[EventType "swiss"]
[EventCountry "ENG"]
[SourceTitle "playchess.com"]
[Source "ChessBase"]
[SourceQuality "1"]
[TimeControl "40/5400+30:1800+30"]

1. d4 {[%emt 0:00:00]} d5 {[%emt 0:06:52]} 2. c4 {[%emt 0:00:00]} c6 {[%emt 0:00:07]} 3. Nc3 {[%emt 0:00:00]} Nf6 {[%emt 0:00:09]} 4. Nf3 {[%emt 0:00:06]} dxc4 {[%emt 0:00:15]} 5. a4 {[%emt 0:00:20]} Bf5 {[%emt 0:00:04]} 6. e3 {[%emt 0:00:38]} e6 {[%emt 0:00:03]} 7. Bxc4 {[%emt 0:00:20]} Bb4 {[%emt 0:00:06]} 8. O-O {[%emt 0:00:43]} Nbd7 {[%emt 0:00:03]} 9. Qe2 {[%emt 0:08:48]} Bg6 {[%emt 0:00:22]} 10. Rd1 {[%emt 0:13:11]} O-O {[%emt 0:00:05]} 11. Ne1 {[%emt 0:00:41]} Qe7 {[%emt 0:01:48]} 12. Nc2 {[%emt 0:11:26]} Bxc2 {[%emt 0:17:43]} 13. Qxc2 {[%emt 0:00:06]} e5 {[%emt 0:03:19]} 14. Ne2 {[%emt 0:13:24]} Rad8 {[%emt 0:09:25]} 15. b3 {[%emt 0:01:12]} Nb6 {[%emt 0:12:17]} 16. Bb2 {[%emt 0:01:13]} Nxc4 {[%emt 0:01:41]} 17. Qxc4 {[%emt 0:00:17]} e4 {[%emt 0:01:23]} 18. a5 {[%emt 0:06:24]} a6 {[%emt 0:01:24]} 19. Bc3 {[%emt 0:16:22]} Bd6 {[%emt 0:00:29]} 20. Ng3 {[%emt 0:00:38]} Bxg3 {[%emt 0:04:46]} 21. hxg3 {[%emt 0:00:07]} Nd5 {[%emt 0:00:48]} 22. Bb2 {[%emt 0:00:21]} Rfe8 {[%emt 0:00:18]} 23. Ba3 {[%emt 0:00:51]} Qg5 {[%emt 0:00:38]} 24. Kf1 {[%emt 0:10:10]} Qh5 {[%emt 0:02:58]} 25. Ke1 {[%emt 0:00:22]} Re6 {[%emt 0:01:53]} 26. Rac1 {[%emt 0:00:48]} Rf6 {[%emt 0:00:34]} 27. Qe2 {[%emt 0:01:53]} Qh1+ {[%emt 0:01:04]} 28. Kd2 {[%emt 0:00:10]} Qxg2 {[%emt 0:00:18]} 29. Rf1 {[%emt 0:00:33]} Rf3 {[%emt 0:02:02]} 30. Bc5 {[%emt 0:09:17]} h6 {[%emt 0:00:36]} 31. b4 {[%emt 0:01:01]} Kh7 {[%emt 0:02:13]} 32. Ke1 {[%emt 0:01:07]} Re8 {[%emt 0:02:07]} 33. Rc2 {[%emt 0:02:54]} Re6 {[%emt 0:00:19]} 34. Qc4 {[%emt 0:00:36]} Ref6 {[%emt 0:01:09]} 35. Re2 {[%emt 0:00:04]} Nxe3 {[%emt 0:03:16]} 36. Rxe3 {[%emt 0:00:20]} Rxf2 {[%emt 0:00:07]} 37. Re2 {[%emt 0:01:25]} Qxf1+ {[%emt 0:00:20]} 38. Kd2 {[%emt 0:00:06]} Rxe2+ {[%emt 0:00:23]} 0-1

[Event "11th LCC FIDE Open 2019"]
[Site "London"]
[Date "2019.12.02"]
[Round "5.38"]
[White "Johnson, Daniel"]
[Black "Davis, Holden"]
[Result "0-1"]
[WhiteElo "2186"]
[BlackElo "1840"]
[Annotator "TA"]
[PlyCount "104"]
[EventDate "2019.11.29"]
[EventType "swiss"]
[EventCountry "ENG"]
[SourceTitle "playchess.com"]
[Source "ChessBase"]
[SourceQuality "1"]

{[%evp 10,104,17,-5,34,12,22,26,22,25,26,26,34,8,8,13,5,4,33,3,0,0,0,-17,-17,-25,-16,-31,-21,-24,14,27,79,87,97,102,86,87,91,98,77,83,85,7,241,8,44,-30,-36,-47,-70,-138,-131,-192,-192,-192,-192,-192,-192,-192,-192,-217,-216,-216,-207,-443,-337,-337,-337,-380,-337,-321,-319,-402,-178,-168,0,-392,-399,-385,-362,-335,-322,-852,-852,-903,-910,-862,-854,-2160,-2089,-1517,-1516,-29991,-29992,-29992,-29993]} 1. d4 e6 2. c4 f5 3. Nc3 Nf6 4. e3 b6 5. Bd3 Bb7 6. f3 Nh5 {A85: Dutch Defence: 2 c4 Nf6 3 Nc3} (6... c5 7. Nge2 Nc6 8. O-O Bd6 9. d5 Ne5 10. e4 fxe4 11. Nxe4 Nxe4 12. Bxe4 Qc7 13. Nc3 Nxc4 14. f4 O-O-O {1-0 (48) Laznicka,V (2679)-Vallejo Pons,F (2698) Dubai 2014}) 7. Qe2 Qh4+ $146 ({Predecessor:} 7... Bd6 8. Nh3 Nc6 9. Bd2 Qh4+ 10. Qf2 Qxf2+ 11. Nxf2 Nb4 12. Nb5 Nxd3+ 13. Nxd3 Ba6 14. a4 {1-0 (40) Taimanov,M-Mjasnikov,N Tbilisi 1957}) 8. Qf2 Qxf2+ {White has an edge.} 9. Kxf2 Be7 10. Nge2 O-O 11. Nb5 Na6 12. a3 c6 13. Nbc3 c5 14. dxc5 Nxc5 15. Bc2 a5 16. b3 Bh4+ 17. g3 Be7 18. h4 Nf6 19. Rd1 h6 20. Nf4 g5 {[#]} (20... Kf7 $11) 21. Ng6 $1 $16 {[%csl LRe7,LRf8][%cal Rg6e7]} Rf7 22. Nxe7+ Rxe7 23. Bb2 g4 24. Nb5 Rf8 25. b4 Na6 26. f4 (26. Rd6 $16 axb4 27. Rxb6) 26... Be4 $2 (26... axb4 $11 {and Black is okay.} 27. axb4 Nxb4) 27. Rac1 $2 (27. Bxf6 $1 $18 Rxf6 28. Bxe4 fxe4 29. Rd6 axb4 30. Rxb6) 27... Bxc2 28. Rxc2 (28. Bxf6 $1 $14 Rxf6 29. Rxc2) 28... Ne4+ $11 ({Much worse is} 28... axb4 $6 29. Bxf6 Rxf6 30. axb4 $16) 29. Kg2 axb4 30. Nd6 (30. axb4 $15 Nxb4 31. Re2) 30... b3 $17 31. Rcc1 (31. Re2 $17 {was worth a try.}) 31... Nac5 $19 32. Nxe4 Nxe4 33. Rd3 Nc5 34. Rd6 {[#]} Rb8 $1 35. Be5 Rb7 36. Rb1 Re8 37. Bd4 $2 (37. Bc3) 37... Ra8 38. Bb2 Ra4 39. Rd4 Kf7 40. Rbd1 Ke8 41. h5 Ne4 (41... b5 $142 42. cxb5 Rxb5) 42. R1d3 Nc5 $2 (42... Ke7 43. Rxb3 Rc7) 43. Rd1 b5 44. cxb5 Rxb5 45. Kf1 d5 46. Kg2 $2 (46. Rxa4 Nxa4 47. Rb1) 46... Rc4 47. R4d2 Rc2 48. Bg7 Nd3 49. Bxh6 Rxd2+ 50. Rxd2 b2 51. Rd1 Nc1 52. Bg7 b1=Q {Accuracy: White = 34%, Black = 57%.} 0-1

[Event "11th LCC FIDE Open 2019"]
[Site "London"]
[Date "2019.12.02"]
[Round "5.38"]
[White "Deaconu, Mihai Ionut"]
[Black "Manfay, Mate"]
[Result "*"]
[WhiteElo "1957"]
[BlackElo "2197"]
[Annotator "ChessBase"]
[PlyCount "26"]
[EventDate "2019.11.29"]
[EventType "swiss"]
[EventCountry "ENG"]
[SourceTitle "playchess.com"]
[Source "ChessBase"]
[SourceQuality "1"]
[TimeControl "40/5400+30:1800+30"]

1. d4 {[%emt 0:00:00]} d5 {[%emt 0:06:52]} 2. c4 {[%emt 0:00:00]} c6 {[%emt 0:00:07]} 3. Nc3 {[%emt 0:00:00]} Nf6 {[%emt 0:00:09]} 4. Nf3 {[%emt 0:00:06]} dxc4 {[%emt 0:00:15]} 5. a4 {[%emt 0:00:20]} Bf5 {[%emt 0:00:04]} 6. e3 {[%emt 0:00:38]} e6 {[%emt 0:00:04]} 7. Bxc4 {[%emt 0:00:20]} Bb4 {[%emt 0:00:06]} 8. O-O {[%emt 0:00:43]} Nbd7 {[%emt 0:00:03]} 9. Qe2 {[%emt 0:08:48]} Bg6 {[%emt 0:00:22]} 10. Rd1 {[%emt 0:13:11]} O-O {[%emt 0:00:05]} 11. Ne1 {[%emt 0:00:41]} Qe7 {[%emt 0:01:48]} 12. Nc2 {[%emt 0:11:26]} Bxc2 {[%emt 0:17:43]} 13. Qxc2 {[%emt 0:00:06]} e5 {[%emt 0:03:19]} *

[Event "11th LCC FIDE Open 2019"]
[Site "London"]
[Date "2019.12.02"]
[Round "5.39"]
[White "Chapman, Matt"]
[Black "Abrahams, Daniel"]
[Result "0-1"]
[WhiteElo "1937"]
[BlackElo "2185"]
[Annotator "TA"]
[PlyCount "134"]
[EventDate "2019.11.29"]
[EventType "swiss"]
[EventCountry "ENG"]
[SourceTitle "playchess.com"]
[Source "ChessBase"]
[SourceQuality "1"]

{[%evp 9,144,33,101,0,22,39,33,31,27,28,33,25,27,0,0,-2,-12,-21,-13,-25,-20,-19,0,-6,-6,-28,-8,-22,-18,-25,-17,-23,-11,-17,-17,-22,-23,-36,12,-27,-28,-24,0,0,0,-12,0,-12,0,-23,0,0,0,-23,0,0,0,-22,-20,-40,-40,-80,-72,-86,-72,-102,-102,-155,-155,-155,-155,-155,-146,-154,0,-155,0,-129,-114,-155,-155,-155,-155,-155,-155,-160,-160,-160,-159,-152,0,-161,0,-161,-161,-162,-164,-220,-206,-295,-298,-488,-513,-572,-586,-475,-323,-2254,-29963,-29960,-29963,-29961,-29964,-29960,-29963,-29961,-29960,-7178,-29959,-6195,-5089,-29978,-29979,-29979,-29980,-29980,-29981,-29981,-29982,-29982,-29983,-29982,-29983,-29983,-29984,-29984,-29985]} 1. d4 Nf6 2. Nf3 e6 3. Bf4 c5 4. e3 b6 5. Nc3 cxd4 {[#]} ({Black should play} 5... a6 $14) 6. exd4 {A47: 1 d4 Nf6 2 Nf3 b6: Torre, London and Colle Systems} (6. Nb5 $1 $16 {[%cal Rb5c7] Threatens to win with Nc7+.} Nd5 7. Qxd4 (7. Nfxd4 Nxf4 8. exf4 a6 $15)) 6... d6 $146 ({Predecessor:} 6... Bb7 7. Bd3 Be7 8. O-O a6 9. Re1 O-O 10. Ng5 d5 11. Re3 h6 12. Nf3 Nh5 13. Ne2 Nd7 14. Be5 Nhf6 15. Ng3 Ng4 16. Re1 Ngxe5 17. Nxe5 Nxe5 18. dxe5 {½-½ (109) Bogdanovich,S (2591)-Sjugirov,S (2653) Baku 2016}) 7. Bb5+ Bd7 8. a4 {White is slightly better.} Be7 9. O-O O-O 10. Re1 a6 11. Bxd7 Nbxd7 12. Qd3 Qc7 13. Ne4 Nxe4 14. Qxe4 Nf6 15. Qd3 Rfc8 16. c3 Qc6 17. Ng5 h6 18. Ne4 Nxe4 19. Qxe4 Qxe4 20. Rxe4 d5 21. Ree1 b5 22. axb5 axb5 23. Bd2 Rab8 24. b4 Ra8 25. Kf1 g5 26. Ke2 Kg7 27. Kd3 Bd6 28. h3 Kf6 29. g3 Ke7 30. Rh1 Kf6 31. Rhe1 Rg8 32. Rh1 Bc7 33. Be3 h5 34. Rxa8 Rxa8 $11 {[%mdl 4096] Endgame KRB-KRB} 35. h4 g4 36. Re1 Ra2 37. Re2 Ra1 38. Rc2 (38. f4 $142) 38... Kf5 $17 39. Re2 Bd6 40. Bh6 Ra3 41. Bc1 Ra1 42. Bh6 Ra3 43. Bc1 Ra6 44. Be3 Bb8 45. Rc2 Ra1 46. Re2 f6 47. Bh6 Bd6 48. Be3 Ra3 49. Bc1 Ra1 50. Be3 $1 Bb8 51. Bh6 Bc7 52. Be3 e5 53. dxe5 (53. Rc2 $142) 53... fxe5 $19 54. Bc5 (54. Rd2 $142) 54... Ra3 55. Rc2 $2 {[#]} (55. Be3 {keeps fighting.} d4 56. Bxd4 exd4 57. Kxd4) 55... d4 56. Ke2 dxc3 57. Kd3 Bd8 58. Rxc3 $2 (58. Ke3) 58... Rxc3+ 59. Kxc3 {KB-KB} Ke4 60. Kd2 Kf3 61. Kd3 Bf6 62. Be3 e4+ 63. Kd2 Be5 64. Bc5 Bc7 65. Kc3 e3 {Black mates.} 66. fxe3 Bxg3 67. Kd4 Bxh4 {Played: Bg3-f2} 0-1

[Event "11th LCC FIDE Open 2019"]
[Site "London"]
[Date "2019.12.02"]
[Round "5.40"]
[White "Chapman, Matt"]
[Black "Abrahams, Daniel"]
[Result "*"]
[WhiteElo "1937"]
[BlackElo "2185"]
[Annotator "ChessBase"]
[PlyCount "45"]
[EventDate "2019.11.29"]
[EventType "swiss"]
[EventCountry "ENG"]
[SourceTitle "playchess.com"]
[Source "ChessBase"]
[SourceQuality "1"]
[TimeControl "40/5400+30:1800+30"]

1. d4 {[%emt 0:00:00]} Nf6 {[%emt 0:00:00]} 2. Nf3 {[%emt 0:00:00]} e6 {[%emt 0:00:00]} 3. Bf4 {[%emt 0:00:00]} c5 {[%emt 0:00:04]} 4. e3 {[%emt 0:00:02]} b6 {[%emt 0:00:09]} 5. Nc3 {[%emt 0:04:13]} cxd4 {[%emt 0:00:33]} 6. exd4 {[%emt 0:00:28]} d6 {[%emt 0:00:16]} 7. Bb5+ {[%emt 0:08:47]} Bd7 {[%emt 0:00:23]} 8. a4 {[%emt 0:00:52]} Be7 {[%emt 0:01:43]} 9. O-O {[%emt 0:00:53]} O-O {[%emt 0:00:06]} 10. Re1 {[%emt 0:01:15]} a6 {[%emt 0:02:19]} 11. Bxd7 {[%emt 0:05:05]} Nbxd7 {[%emt 0:00:23]} 12. Qd3 {[%emt 0:04:11]} Qc7 {[%emt 0:00:25]} 13. Ne4 {[%emt 0:03:11]} Nxe4 {[%emt 0:00:15]} 14. Qxe4 {[%emt 0:00:15]} Nf6 {[%emt 0:00:06]} 15. Qd3 {[%emt 0:03:16]} Rfc8 {[%emt 0:00:12]} 16. c3 {[%emt 0:01:49]} Qc6 {[%emt 0:00:17]} 17. Ng5 {[%emt 0:16:33]} h6 {[%emt 0:10:20]} 18. Ne4 {[%emt 0:01:49]} Nxe4 {[%emt 0:00:07]} 19. Qxe4 {[%emt 0:00:06]} Qxe4 {[%emt 0:00:34]} 20. Rxe4 {[%emt 0:00:04]} d5 {[%emt 0:00:07]} 21. Ree1 {[%emt 0:00:25]} b5 {[%emt 0:00:05]} 22. axb5 {[%emt 0:01:24]} axb5 {[%emt 0:00:03]} 23. Bd2 {[%emt 0:00:17]} *

[Event "11th LCC FIDE Open 2019"]
[Site "London"]
[Date "2019.12.02"]
[Round "5.40"]
[White "Jacobs, Robert"]
[Black "Ogunshola, Olugbemiga (Ben)"]
[Result "0-1"]
[WhiteElo "1935"]
[BlackElo "2169"]
[Annotator "TA"]
[PlyCount "86"]
[EventDate "2019.11.29"]
[EventType "swiss"]
[EventCountry "ENG"]
[SourceTitle "playchess.com"]
[Source "ChessBase"]
[SourceQuality "1"]

{[%evp 14,86,14,19,25,29,29,23,18,6,2,-3,-3,-13,-6,-7,4,-15,27,-25,14,10,16,-29,8,0,0,0,12,0,18,22,14,0,0,0,0,-1,0,0,0,6,6,0,0,-13,0,-5,0,-13,-10,-211,-216,-247,-233,-233,-243,-268,-198,-302,143,138,118,-311,-311,-663,-673,-759,-745,-29959,-1804,-29974,-29975,-29975,-29975]} 1. g3 e5 2. Bg2 Nf6 3. c4 Nc6 4. Nc3 g6 5. d3 Bg7 6. e3 O-O 7. Nge2 d6 8. O-O Bg4 {A25: English Opening vs King's Indian with ...Nc6 but without early d3} (8... Be6 9. Nd5 Qd7 10. Nec3 Ne8 11. f4 f5 12. Qa4 Kh8 13. Bd2 Nd8 14. Qxd7 Bxd7 15. Ne2 c6 16. Ndc3 Ne6 17. b4 a6 18. Rab1 {0-1 (38) Ivanchuk,V (2726)-Mchedlishvili,M (2603) Riadh 2017}) 9. h3 Be6 10. Nd5 Ne7 {[%cal Rf6d5] White has an edge.} 11. e4 c6 12. Nxe7+ $146 ({Predecessor:} 12. Nxf6+ Bxf6 13. Bh6 Bg7 14. Bxg7 Kxg7 15. b3 {1-0 (32) Dargel,M (2108)-Schumann,M (1734) Leipzig 2006}) 12... Qxe7 13. Bg5 Qd7 14. Kh2 d5 15. Qc2 b5 {[%cal Rb5c4]} 16. b3 (16. exd5 $142 cxd5 17. c5) 16... Rfc8 17. Rad1 d4 18. Ng1 Ne8 19. Bc1 a5 20. f4 f6 21. Nf3 Kh8 22. Rf2 Nd6 23. fxe5 fxe5 24. Ng5 Bg8 25. Rdf1 h6 26. c5 hxg5 27. cxd6 Qxd6 28. Bxg5 Rf8 29. h4 Rxf2 30. Rxf2 c5 31. Bf1 a4 32. bxa4 $2 {[#]} (32. Bh3 $11) 32... Rxa4 $19 33. Qd1 Rxa2 34. Rxa2 Bxa2 35. h5 Kh7 36. h6 (36. Bh3 $142) 36... Bxh6 $2 ({Black should try} 36... Bf8 $19 37. Bh3 Qc7) 37. Bxh6 $16 Qf6 38. Qd2 $2 {[%mdl 8192]} (38. Qc1 $16 {stays on course.}) 38... Qxf1 $19 39. Bg5 $2 (39. Qg5 Qf2+ 40. Kh1) 39... Be6 40. Bh4 Bg4 {[#] And now ...b4 would win.} 41. Qa2 c4 (41... b4 $142 42. Bg5 Qe2+ 43. Qxe2 Bxe2 44. g4 Bxd3 45. Kg1 b3 46. Bc1 c4 47. Ba3 c3 48. Bc1 b2 49. Bxb2 cxb2 50. Kh1 b1=Q+ 51. Kg2 Qf1+ 52. Kg3 g5 53. Kh2 Qf2+ 54. Kh3 Bf1#) 42. Bg5 Qh3+ 43. Kg1 Qxg3+ {Accuracy: White = 28%, Black = 53%.} 0-1

[Event "11th LCC FIDE Open 2019"]
[Site "London"]
[Date "2019.12.02"]
[Round "5.41"]
[White "Nelson, Omowale A"]
[Black "Marzano, Carlo"]
[Result "1/2-1/2"]
[WhiteElo "1924"]
[BlackElo "2128"]
[Annotator "TA"]
[PlyCount "155"]
[EventDate "2019.11.29"]
[EventType "swiss"]
[EventCountry "ENG"]
[SourceTitle "playchess.com"]
[Source "ChessBase"]
[SourceQuality "1"]

{[%evp 9,155,0,0,0,0,-14,-29,-50,-52,-29,1,-53,-35,-47,-3,-45,-69,-77,-76,-137,-139,-138,-132,-147,-122,-249,-236,-243,-219,-276,-64,-137,13,-89,-91,-100,1,6,6,14,-78,11,26,0,12,12,12,14,25,19,26,17,26,21,75,55,59,-16,91,107,169,170,276,27,28,9,70,70,318,298,351,350,331,211,233,186,210,175,169,120,184,64,46,21,46,46,63,63,63,63,63,63,63,63,808,63,63,0,746,412,375,13,13,13,13,13,13,13,13,0,0,0,0,0,0,0,0,0,0,0,0,0,0,0,0,0,0,0,0,0,0,0,0,0,0,0,0,0,0,0,0,0,0,0,0,0,0,0]} 1. d4 d5 2. c4 dxc4 3. Nf3 a6 4. a4 Nc6 5. e3 e5 6. Bxc4 {D21: Queen's Gambit Accepted: 3 Nf3 sidelines} (6. d5 Na5 7. Nc3 Bb4 8. Nd2 Bxc3 9. bxc3 Qxd5 10. e4 Qc6 11. Ba3 Be6 12. Bb4 Nb3 13. Nxb3 cxb3 {0-1 (31) Braun,A (2598)-Christiansen,J (2559) chess.com INT 2019}) 6... e4 7. Nfd2 Qg5 8. g3 {Black has an edge.} Nf6 9. Nc3 Bb4 $146 ({Predecessor:} 9... Qg6 10. Nd5 Nxd5 11. Bxd5 f5 12. Nc4 Bd6 {0-1 (47) Brustkern,J (2256)-Iwamoto,T (2268) Budapest 2010}) 10. Bf1 (10. O-O $11) 10... Bf5 $36 {[%mdl 2048] Black is pushing.} 11. Bg2 O-O 12. O-O {[%cal Rd2e4]} (12. h4 $5 {[%cal Rh4g5]} Qg6 13. h5 $11) 12... Rfe8 13. Na2 Bf8 14. Nb3 ({White should try} 14. f4 Qh6 15. Nc4) 14... Rad8 $17 15. Bd2 Bg4 16. Qc2 Bf3 17. Rfc1 (17. Bc3 $17) 17... Qh5 $19 (17... Bxg2 18. Kxg2 Rd5 19. Rh1 $17) 18. Be1 Re6 (18... Bxg2 19. Kxg2 Re6 20. h3 $17) 19. Nd2 g5 $2 (19... Bxg2 20. Kxg2 Ng4 21. Nf1 $19) (19... Ng4 $19 20. h3 Bxg2 21. Kxg2 Rh6) 20. h3 (20. Bf1 $15) 20... Rd7 (20... Bxg2 $17 21. Kxg2 Be7) 21. Bxf3 (21. Bf1 $11) 21... exf3 $17 22. Qf5 {[#]} Rd5 (22... Rxd4 $1 $17 {[%mdl 512]} 23. Qxf3 (23. Rxc6 $2 Rd5 $19) (23. exd4 Nxd4) 23... g4 24. hxg4 Rxg4) 23. Qxf3 $11 Qxh3 24. Qg2 Qxg2+ 25. Kxg2 g4 26. b4 (26. Rc4 {with more complications.} Rh5 27. Nc3 b5 28. axb5 axb5 29. d5) 26... Nxb4 27. Nxb4 Bxb4 28. Rxc7 b5 29. axb5 Rxb5 30. Nc4 {next Bxb4 is good for White.} Bxe1 $1 31. Rxe1 Nd5 (31... Ne4 $11) 32. Ra7 h5 33. Re2 (33. Kg1 $14) 33... Rb4 (33... Rc6 $1 $11 {keeps the balance.} 34. Nb2 Nb4) 34. Ne5 $1 $16 f6 (34... Rf6 $16 {was worth a try.} 35. Rc2 Rb3) 35. Nd3 $18 Rxd4 (35... Rb8 $142 36. Ra2 Rd6) 36. Nc5 $2 ({Weaker is} 36. exd4 Rxe2 37. Rd7 Ne3+ 38. Kg1 Nd1 $11) (36. Rb2 $18 {White wants to mate with Rb8+.} Rde4 37. Nc5) 36... Re8 $11 37. Rxa6 Rc4 (37... Kf7 $11) 38. Nd7 $14 f5 $2 (38... Rc7 $14 39. Rd6 (39. Nxf6+ Nxf6 40. Rxf6 Re5 $16) 39... Re7 40. Nxf6+ (40. Rxd5 Rexd7 41. Rxh5 Rd1 $14) 40... Nxf6) 39. Rd2 $18 Nc7 40. Nf6+ Kf8 41. Ra7 ({Less strong is} 41. Nxe8 Nxa6 42. Nf6 Ke7 $16) 41... Re7 42. Nxh5 Rc5 43. Nf4 Kf7 44. Rb7 Ne6 (44... Rc6 $16 45. Rb8 Ne6) 45. Rxe7+ ({Better is} 45. Rb6 $1 $18) 45... Kxe7 $14 46. Ra2 (46. Nd5+ {is more complex.} Kf7 47. e4 fxe4 48. Rd1 Kg6 49. Ne3) 46... Nxf4+ 47. gxf4 $11 {[%mdl 4096] Endgame KR-KR} Rc6 48. Kg3 Kf6 49. Kh4 Kg6 $1 50. Ra8 Rb6 51. Rg8+ Kf6 $2 {[%mdl 8192]} (51... Kf7 $14 52. Ra8 Kg6) 52. Rf8+ $2 ({White must play} 52. Kh5 $1 $18 {Black must now prevent Rg6+.} Rb2 53. Rf8+ Ke6 54. Kg5) 52... Kg6 $14 53. Rg8+ $2 {[%mdl 8192]} (53. Ra8 $14) 53... Kf6 $1 $18 {[#]} 54. Kh5 $1 {Rg6+ is the strong threat.} Rb2 {[#]} 55. Rg6+ $2 (55. Rf8+ $1 $18 Ke6 56. Kg5 Rxf2 57. Rf6+ Ke7 58. Kxf5) 55... Kf7 $11 {The position is equal.} 56. Kg5 {Strongly threatening Rf6+.} Rxf2 57. Kxf5 Rf3 $1 58. Rf6+ Kg7 $1 59. Re6 g3 60. Rg6+ Kf7 61. e4 {And now Rg5 would win.} (61. Rf6+ {feels hotter.} Kg7 62. Rb6 Rxe3 63. Rb2 Kf7 64. Kg4) 61... Rxf4+ $1 62. Kxf4 Kxg6 63. Kxg3 {KP-K} Kf6 64. Kf4 Ke6 65. Kf3 Ke5 66. Ke3 Ke6 67. Kd4 Kd6 68. e5+ Ke6 69. Ke4 Ke7 70. Kd5 Kd7 71. e6+ Ke7 72. Ke5 Ke8 73. Kf5 Ke7 74. Ke5 Ke8 75. Kd4 Ke7 76. Kd5 Ke8 77. Kd6 {Intending e7 and mate.} Kd8 78. e7+ {Accuracy: White = 47%, Black = 50%.} 1/2-1/2

[Event "11th LCC FIDE Open 2019"]
[Site "London"]
[Date "2019.12.02"]
[Round "5.42"]
[White "Modi, Shyam Jagdish"]
[Black "Rogacewicz, Mikolaj"]
[Result "0-1"]
[WhiteElo "2124"]
[BlackElo "1921"]
[Annotator "ChessBase"]
[PlyCount "70"]
[EventDate "2019.11.29"]
[EventType "swiss"]
[EventCountry "ENG"]
[SourceTitle "playchess.com"]
[Source "ChessBase"]
[SourceQuality "1"]
[TimeControl "40/5400+30:1800+30"]

1. d4 {[%emt 0:00:00]} e6 {[%emt 0:00:00]} 2. c4 {[%emt 0:00:00]} Nf6 {[%emt 0:00:14]} 3. g3 {[%emt 0:00:00]} d5 {[%emt 0:00:20]} 4. Nf3 {[%emt 0:00:00]} dxc4 {[%emt 0:00:30]} 5. Bg2 {[%emt 0:00:00]} Bb4+ {[%emt 0:00:13]} 6. Bd2 {[%emt 0:00:00]} a5 {[%emt 0:00:12]} 7. Qc2 {[%emt 0:00:37]} Bxd2+ {[%emt 0:00:25]} 8. Qxd2 {[%emt 0:00:32]} c6 {[%emt 0:00:22]} 9. a4 {[%emt 0:01:51]} Ne4 {[%emt 0:00:17]} 10. Qc2 {[%emt 0:10:14]} Nd6 {[%emt 0:00:24]} 11. Ne5 {[%emt 0:03:40]} Na6 {[%emt 0:07:02]} 12. Nd2 {[%emt 0:15:38]} Nb4 {[%emt 0:03:55]} 13. Qc3 {[%emt 0:05:45]} f6 {[%emt 0:02:43]} 14. Nef3 {[%emt 0:01:57]} b5 {[%emt 0:03:46]} 15. O-O {[%emt 0:05:12]} O-O {[%emt 0:09:48]} 16. Ne1 {[%emt 0:10:36]} Nd5 {[%emt 0:08:06]} 17. Qc1 {[%emt 0:03:51]} Ra6 {[%emt 0:03:51]} 18. e4 {[%emt 0:07:34]} Nb6 {[%emt 0:04:19]} 19. b3 {[%emt 0:15:43]} cxb3 {[%emt 0:03:48]} 20. Nxb3 {[%emt 0:00:09]} Nxa4 {[%emt 0:01:21]} 21. Nd3 {[%emt 0:00:39]} Kh8 {[%emt 0:10:22]} 22. Rd1 {[%emt 0:03:38]} Nc4 {[%emt 0:04:19]} 23. Rxa4 {[%emt 0:02:41]} bxa4 {[%emt 0:00:25]} 24. Nbc5 {[%emt 0:00:01]} Nd6 {[%emt 0:00:58]} 25. Nxa6 {[%emt 0:00:10]} Bxa6 {[%emt 0:00:13]} 26. Nc5 {[%emt 0:01:44]} Qc8 {[%emt 0:02:05]} 27. Qf4 {[%emt 0:06:05]} Nb5 {[%emt 0:03:03]} 28. Bh3 {[%emt 0:00:41]} Nc3 {[%emt 0:02:05]} 29. Rd2 {[%emt 0:02:08]} Ne2+ {[%emt 0:02:49]} 30. Rxe2 {[%emt 0:00:01]} Bxe2 {[%emt 0:00:08]} 31. Nxe6 {[%emt 0:01:58]} Qb7 {[%emt 0:01:01]} 32. Qc1 {[%emt 0:00:39]} Rb8 {[%emt 0:00:20]} 33. Nf4 {[%emt 0:00:55]} Qb1 {[%emt 0:00:39]} 34. Nxe2 {[%emt 0:00:20]} Qxc1+ {[%emt 0:00:09]} 35. Nxc1 {[%emt 0:00:03]} Rb1 {[%emt 0:00:10]} 0-1